| 000 | 01458nam a2200277Ia 4500 | ||
|---|---|---|---|
| 999 |
_c55977 _d55977 |
||
| 001 | 23076 | ||
| 003 | GE_BSU | ||
| 005 | 20230608151229.0 | ||
| 008 | 181216s1980ge xx |||||||||||||| ||geo|| | ||
| 040 | _cGE_BSU | ||
| 041 | _ageo | ||
| 080 | _a821.124-1 ო-34 | ||
| 100 |
_aოვიდიუს, პუბლიუს ნაზონი _918573 |
||
| 245 |
_aმეტამორფოზები / _c ნაზონი ოვიდიუს, პუბლიუს,ლათ. თარგმნეს ნ. მელაშვილმა, ნ. ტონიამ, ი. გარაყანიძემ ; რედ. შეს. წერილი და კომენტ ა. ურუშაძისა |
||
| 264 |
_aთბილისი : _bთბილ. უნ-ტის გამ-ბა, _c1980. |
||
| 300 |
_a426გვ . : _b ილ. ; _c22სმ |
||
| 501 | _aსახელთა საძიებელი: გვ. 399-424. | ||
| 541 | _h6 ლ. | ||
| 653 | _aმეტამორფოზები | ||
| 653 | _aძველი ბერძნული ლიტერატურა | ||
| 700 |
_aმელაშვილი,ნ _eმთარგმნელი _918574 |
||
| 700 |
_a ტონია, ნ _eმთარგმნელი _918575 |
||
| 700 |
_aგარაყანიძე, ი _eმთარგმნელი _918576 |
||
| 700 |
_aურუშაძე, ა _eრედაქტორი _93915 |
||
| 942 |
_cBK _2udc |
||